| 000 | 00815nam a22002657a 4500 | ||
|---|---|---|---|
| 005 | 20220329141222.0 | ||
| 008 | 971010s1978 r 00010 d | ||
| 010 | _a64569 | ||
| 011 | _a65541 | ||
| 035 | _a72463 | ||
| 082 |
_a632 _bE8 |
||
| 110 |
_aE.U.A. Department of Agriculture _934876 |
||
| 245 | _aPest and diseases of the date palm | ||
| 260 |
_aWashington : _bThe Department, _c1978 |
||
| 300 | _a42 p | ||
| 490 |
_aAgriculture handbook _v; 527 |
||
| 500 | _aD97-231 | ||
| 590 |
_aBATCH-UPD _b10 _c20130110 _lUCH01 _h2217 |
||
| 590 |
_aCONVERSION _b10 _c20130109 _lUCH01 _h1335 |
||
| 650 | 1 | 4 |
_aPalma datilera _xEnfermedades. _984944 |
| 650 | 1 | 4 |
_aPalma datilera _xPlagas. _984945 |
| 830 | 0 |
_aAgriculture handbook _v; 527 _92127 |
|
| 901 | _aBK | ||
| 949 |
_a632 E8 _bZA _cLIBRO _d-5170 _eLIBRO _h4868 _i72463 _si |
||
| 999 |
_c64569 _d64569 |
||